000 00611nam a22002177a 4500
005 20170124110002.0
010 _a815120
020 _c30.00
035 _a815120
037 _bCen Lib/Ret
040 _aDPL
_bEN
082 _a352
_bSIR
100 _aSirohi, J. S.
_916031
245 _aStrategy for crime prevention /
_cby J.S. Sirohi
260 _bUniversity Book House
_a New Delhi
270 _bNew Delhi
_a15, U.B. Bunglow Road, Jawahar Nagar
300 _a280p.
_c21cm(Hb)
650 _aCriminology
_980659
650 _aCrime prevention
_915450
942 _2ddc
_cEN
_h364.4
_mSIR
999 _c125936
_d125936